Statistics for 2013 Formula 1 drivers' standings

Click here to take the quiz!

General Stats

  • This quiz has been taken 99 times
  • The average score is 13 of 23

Answer Stats

PositionNamePoints% Correct
1Sebastian Vettel397
100%
4Lewis Hamilton189
96%
2Fernando Alonso242
96%
3Mark Webber199
95%
5Kimi Räikkönen183
90%
6Nico Rosberg171
85%
8Felipe Massa112
75%
7Romain Grosjean132
69%
9Jenson Button73
68%
11Sergio Pérez49
56%
10Nico Hülkenberg51
53%
13Adrian Sutil29
43%
19Jules Bianchi0
42%
14Daniel Ricciardo20
42%
20Charles Pic0
40%
12Paul di Resta48
40%
17Valtteri Bottas4
40%
15Jean-Éric Vergne13
40%
18Pastor Maldonado1
38%
23Max Chilton0
33%
16Esteban Gutiérrez6
32%
22Giedo van der Garde0
27%
21Heikki Kovalainen0
23%

Score Distribution

Percentile by Number Answered

Percent of People with Each Score

Your Score History

You have not taken this quiz